000 00285nam a22001217a 4500
008 160420b xxu||||| |||| 00| 0 eng d
020 _a9780323067843
020 _a0803628137
041 _aeng
080 _a618.2
245 _aFundamentals of Nursing:
_cPotter Perry;
942 _2udc
_cBK
999 _c1455
_d1455